00900 2200301 4500001002100000005001500021035002000036007000300056008004100059020002200100040002200122082001700144084001900161090002200180100003200202245007900234250003600313300002500349650002000374700003800394850001200432264003600444336002100480337003000501338002300531999002200554990002200576INLIS00000000086417620210826012917 a0010-0821000875ta210826s2008 yoi g f ind d a978-979-963-537-2 aYOPDYOGbinderda04223a899.2213 a899.2213 SUM k aCB-D.11 2008-23160 aSuminaring Prasojoepenulis10aKepribadian Alina /cSuminaring Prasojo; penyunting, Akhmad Muhaimin Azzet aCetakan pertama, September 2008 a370 halaman ;c20 cm 4aFiksi Indonesia0 aAkhmad Muhaimin Azzetepenyunting aYOPDYOG31aYogyakarta :bDiva Press,c2008 2rdacontentateks 2rdamediaatanpa perantara 2rdacarrieravolume aCB-D.11/2008-2316 aCB-D.11/2008-2316